| 000 | 00668nam a2200241 a 4500 | ||
|---|---|---|---|
| 999 |
_c4705 _d4705 |
||
| 001 | 4705 | ||
| 003 | BD-JhCC | ||
| 005 | 20171130111731.0 | ||
| 008 | 171130s1964 u a|||| || | 001 0 eng d | ||
| 035 | _a(BD-JhCC)4705 | ||
| 040 |
_aBD-JhCC _dBD-JhCC |
||
| 041 | _aeng | ||
| 082 |
_a910.03 _bCAR 1964 |
||
| 100 | _aCarter, George F. | ||
| 245 |
_aMan and the Land : _bA Cultural Gergraphy / _c George F. Carter, |
||
| 260 |
_aNew York : _bHolt, Rinehart and Winston New york, _c1964. |
||
| 300 |
_a496 p. : _bill. ; _c23 cm. |
||
| 504 | _aIncludes Index and Bibliography | ||
| 650 | _aGeography | ||
| 650 | _aHuman Geography | ||
| 942 |
_2ddc _cBK |
||